[Event "Bermuda-A"]
[Site "Bermuda"]
[Date "2002.01.24"]
[Round "4"]
[White "Nakamura, Hikaru"]
[Black "Handke, Florian"]
[Result "0-1"]
[WhiteElo "2430"]
[BlackElo "2450"]
[Annotator "Ribli,Z"]
[PlyCount "160"]
[EventDate "2002.01.21"]
[EventType "tourn"]
[EventRounds "9"]
[EventCountry "BER"]
[EventCategory "10"]
[SourceTitle "CBM 088"]
[Source "ChessBase"]
[SourceDate "2002.03.21"]
[SourceVersion "1"]
[SourceVersionDate "2002.03.21"]
[SourceQuality "1"]

1. e4 c5 2. Nc3 Nc6 3. Nf3 e6 4. d4 cxd4 5. Nxd4 Qc7 6. Be2 a6 7. O-O Nf6 8.
Kh1 {Der Textzug sowie 8.Be3 sind Hauptfortsetzungen in dieser Stellung. Weiß
will sich mit dem Textzug verschiedene Optionen für den Bc1 offen halten und
bereitet zugleich f4 vor.} Nxd4 {Das ist schwarze Hauptfortsetzung, aber auch
8...d6 ist gut spielbar (Übergang zur Scheweninger Variante). Mit dem Textzug
gewinnt Schwarz ein Tempo für die Entwicklung seines Königsläufers.} 9. Qxd4
Bc5 10. Qd3 (10. Qd2 {[%cal Gd2g5]}) 10... b5 11. f4 Bb7 12. Bf3 h5 {Dieser
Zug schafft auf g4 einen Stützpunkt für den schwarzen Springer und führt zu
zweischneidigem Spiel.} (12... O-O {Das wäre die ruhige Variante - hier hat
Schwarz eine verteidigungsfähige Stellung, aber Weiß steht etwas aktiver.} 13.
e5 Ne8) 13. e5 Ng4 14. Bxb7 Qxb7 15. Ne4 Rc8 {[%cal Gc8c1] Wie üblich in der
Sizilianischen Verteidigung bekommt Schwarz sein Gegenspiel auf der
halboffenen c-Linie. Die Dame steht ausgezeichnet auf b7, von hier aus
kontrolliert sie alle wichtigen weißen Felder.} 16. a4 (16. Bd2 Be7 17. Rae1
Qc6 18. Qf3 (18. c3 Nh6 19. f5 Nxf5 20. Rxf5 exf5 21. Nd6+ Bxd6 22. exd6+ Kf8
23. Bf4 Re8 24. Rxe8+ Kxe8 25. Qxf5 Qc4 26. h4 Kd8 {0-1 Grabarska,B-Handke,F/
Andorra 2001/CBM 83 ext (43)}) (18. Bc3 b4 19. Bd2 Nh6 20. c3 bxc3 21. Bxc3 Nf5
22. Qf3 h4 23. Rd1 Qb6 {1/2-1/2 Movsesian,S-Lutz,C/Germany 2001/CBM 82 ext (41)
}) 18... Qd5 19. Nd6+ Bxd6 20. Qxd5 exd5 21. exd6+ Kf8 22. Re7 Nf6 23. Bc3 {
1/2-1/2 Yu Shaoteng-Handke,F/Cappelle la Grande FRA 2002/(43)}) (16. b3) (16.
Nxc5 Rxc5 $11) 16... b4 17. c3 (17. c4 O-O 18. Ng5 g6 19. Ne4 Be7 20. b3 Rfd8
21. Bb2 Nh6 22. Rac1 Nf5 23. c5 Qd5 {1/2-1/2 Balcerak,P-Gurevich,V/Cappelle la
Grande FRA 2002/(32)}) (17. Bd2 Be7 18. c3 bxc3 19. Bxc3 Nh6 20. Qf3 (20. Rfe1
h4 21. Rad1 Nf5 22. Qf3 Qc6 23. a5 Qb5 24. Rd3 Rc4 25. Red1 Qc6 {1/2-1/2
Nijboer,F-Lutz,C/Venlo 2000/CBM 79 (65)}) 20... Qa8 21. Nd2 Qxf3 22. Rxf3 Nf5
23. Rd3 Rc6 24. g3 d5 25. exd6 Bxd6 {1/2-1/2 Vuckovic,B-Pavlovic,M/Belgrade
2001/CBM 82 ext (72)}) 17... bxc3 {Dieser Zug ist natürlich spielbar, aber der
sicherere Läuferzug 17...Be7 kommt auch stark in Betracht. Damit würde Schwarz
nicht die b-Linie öffnen.} (17... Be7 18. cxb4 Bxb4 19. Bd2 Be7 20. Bc3 Nh6 21.
Qf3 Rb8 22. Rad1 Nf5 23. Rd3 Qb6 24. Rfd1 Rb7 25. Bd4 Nxd4 26. Rxd4 Qxb2 27. f5
exf5 28. Nd6+ Bxd6 29. exd6 O-O {0-1 Abbasi,R-Ghorbani,M/Tehran 2001/EXT 2002 
(51)}) 18. bxc3 Be7 {Schwarz vermeidet das Motiv 19.Nxc5, 20.Ba3. Er möchte
seine Entwicklung nun mit der Rochade beenden. Weiß hat in dieser Stellung
Raumvorteil und positionellen Druck auf der d-Linie, dafür ist die schwarze
Bauernstruktur besser.} (18... O-O 19. Nxc5 Rxc5 20. Ba3 Rd5 21. Qh3 (21. Qf3
Rc8 22. h3 Nh6 $13 {[%csl Yf5][%cal Gh6f5]}) (21. Qe2 Rc8 22. h3 Nh6 $13 {
[%csl Yg3][%cal Gh6f5,Gf5g3]}) 21... Rc8 22. Qxh5 Ne3 23. Rf3 Rxc3 $132 24. Rh3
$4 Rd1+ 25. Rxd1 Qxg2#) 19. Ba3 (19. h3 Nh6 {[%cal Gh6f5]}) 19... Bxa3 20. Rxa3
O-O 21. h3 $14 (21. Ng5 g6 $13) 21... Nh6 22. Nd6 {[%csl Gd6][%cal Rd6b7,Rd6c8]
Der weiße Springer steht ausgezeichnet auf d6. Sein Gegenspieler auf h6 steht
passiv und hat wenig Aussichten, nach f5 zu gelangen.} Qb2 23. Nxc8 $6 (23. c4
$1 Rb8 (23... Rc7 24. Rb3 Qa2 25. Rfb1 Qxa4 26. Rb8 g6 27. Rxf8+ Kxf8 28. Rb8+
Kg7 29. Ne8+ $18) 24. c5 $16) 23... Qxa3 24. Nb6 (24. Qxa6 Nf5 $132) (24. Nd6
Qxa4 $13) 24... h4 $1 {[%csl Yg3][%cal Gh6f5,Gf5g3]} 25. Nxd7 Rc8 {[%csl Rc3]}
26. Qxa6 Qxc3 $44 {Schwarz hat einen Bauern weniger, aber er kontrolliert die
c-Linie, und sein Springer gelangt nun nach f5, so dass Weiß immer mit Ng3+
rechnen muss.} 27. Rb1 Kh7 {Schwarz vermeidet Motive auf der Grundlinie und
bereitet 28...Nf5 vor.} (27... Nf5 $2 28. Qxc8+ $1 Qxc8 29. Rb8 Qxb8 30. Nxb8
$18 {[%csl Ga4]}) 28. Qe2 Nf5 {[%csl Gf5,Yg3][%cal Rf5g3,Rg3e2,Rg3h1][%mdl
2048] Plötzlich besitzt Schwarz eine aussichtsreiche Angriffsstellung.} 29.
Qh5+ Kg8 30. Qg4 Qc2 $36 31. Rd1 (31. Qd1 Qe4 32. Rb8 Rxb8 33. Nxb8 Ng3+ 34.
Kh2 (34. Kg1 Qe3+ 35. Kh2 Qxf4 $17) 34... Qxf4 $17) (31. Ra1 Ne3 32. Nf6+ (32.
Qf3 Qc1+ 33. Rxc1 Rxc1+ 34. Kh2 Nf1+ 35. Qxf1 (35. Kg1 Nd2+ $19) 35... Rxf1 $19
) 32... Kf8 33. Nd7+ Ke7 $17) 31... Ne3 {[%cal Re3g4,Re3d1]} 32. Nf6+ Kf8 (
32... Kh8 $4 33. Qh5+) 33. Nd7+ Kg8 34. Nf6+ Kf8 35. Nd7+ Ke8 $1 $17 {Schwarz
gibt sich natürlich nicht mit Zugwiederholung zufrieden.} 36. Nf6+ Ke7 37. Nd5+
(37. Rd7+ Kf8 $19 {Wegen des Turms auf d7 kann Weiß nicht 38.Nd7+ spielen.})
37... Nxd5 (37... exd5 $142 $1 38. Qxh4+ Kd7 $19) 38. Qxh4+ Kf8 39. Rf1 (39.
Qh8+ Ke7 40. Qh4+ f6) 39... Kg8 40. a5 Ne3 {[%cal Rc2g2,Re3f1]} 41. Rg1 Nf5 {
[%csl Gf5]} 42. Qe1 Rc4 {Schwarz hat großen Materialvorteil und starkes
Figurenspiel.} 43. Rf1 Re4 (43... Ra4 $19) 44. Qf2 Qxf2 (44... Qc3 45. Kh2 Qxa5
$19) 45. Rxf2 {[%mdl 4096] Wei hat zwei Bauern für die Figur, aber Schwarz
gewinnt sofort den a-Bauern.} Ra4 46. g4 Ne7 47. Rf3 g5 $1 {Schwarz opfert
einen Bauern, sprengt damit aber die weiße Bauernstruktur.} 48. fxg5 Ng6 {
[%csl Ra5,Re5,Gg6] Materiell steht Weiß nicht schlecht - er hat schon drei
Bauern für die Figur, aber er verliert sehr bald den Pa5 und den Pe5.} 49. Kh2
Rxa5 50. Kg3 Nxe5 {Aufgrund des reduzierten Materials hat Weiß noch ein paar
Remischancen, aber bei technisch gutem Spiel muss Schwarz hier gewinnen.} 51.
Rc3 Kg7 52. Re3 Nc4 (52... Kg6) 53. Re4 Ra3+ 54. Kg2 Ne3+ 55. Kf2 Nd5 56. h4
Kg6 57. Kg2 Rb3 {Schwarz bereitet 58...Rb4 vor, das Endspiel danach ist leicht
gewonnen.} 58. Ra4 Nb4 (58... Rb4 $1) 59. Ra5 Nd5 60. Ra4 Rb4 61. Rxb4 Nxb4 $19
{Dieses Endspiel dauert noch lange, ist aber sicher gewonnen für Schwarz.} 62.
Kf3 Nd5 63. Ke4 Nb6 64. Kf4 Nd7 65. h5+ {Nun wird der Pg5 zum Angriffspunkt
des schwarzen Spiels.} (65. Ke4 Nf8 66. Kf3 (66. Kf4 Nh7 67. h5+ (67. Ke4 Nxg5+
68. hxg5 Kxg5 $19)) 66... f5 (66... Nh7 67. Kf4 Nxg5 68. hxg5 e5+ 69. Ke4 $1 (
69. Kxe5 $2 Kxg5 $22 70. Ke4 Kxg4 $19) 69... Kxg5 70. Kxe5 $11) 67. gxf6 Kxf6
68. Ke4 e5 69. g5+ Ke6 70. h5 Nh7 $19) 65... Kg7 66. Ke4 Nf8 67. Ke5 Kg8 68.
Kd6 (68. Kf6 Nh7+ $19 {[%cal Rh7f6,Rh7g5]}) 68... Kh7 69. Ke5 Kg7 70. Ke4 Nh7
71. Kf4 Kg8 $22 {Wei0 befindet sich in Zugzwang - nach 71.h6 kommt 71...Nf8,
und Weiß muss den Pg5 geben.} 72. g6 fxg6 73. Ke5 (73. hxg6 Nf8 74. Ke5 Kg7 $19
) 73... gxh5 74. gxh5 Nf8 75. Kf6 Kh7 76. Kg5 (76. Kf7 e5 $19) 76... Nd7 77.
Kh4 Kh6 78. Kg4 e5 (78... Nf6+ 79. Kf4 Nxh5+ 80. Ke5 Ng7 $19) 79. Kh4 Nf6 80.
Kg3 Kxh5 0-1

[Event "EU-chT (Men) 13th"]
[Site "Leon"]
[Date "2001.11.08"]
[Round "3.2"]
[White "Gunnarsson, Jon Viktor"]
[Black "Banikas, Hristos"]
[Result "0-1"]
[WhiteElo "2386"]
[BlackElo "2526"]
[Annotator "Ribli,Z"]
[PlyCount "116"]
[EventDate "2001.11.06"]
[EventType "team-swiss"]
[EventRounds "9"]
[EventCountry "ESP"]
[SourceTitle "CBM 086"]
[Source "ChessBase"]
[SourceDate "2002.02.05"]
[SourceVersion "1"]
[SourceVersionDate "2002.02.05"]
[SourceQuality "1"]
[WhiteTeam "Iceland"]
[BlackTeam "Greece"]
[WhiteTeamCountry "ISL"]
[BlackTeamCountry "GRE"]

1. e4 c5 2. Nf3 Nc6 3. d4 cxd4 4. Nxd4 Qc7 5. Nc3 e6 6. g3 {Das g3 - System
der Taimanov-Paulsen Variante ist ein solider Aufbau für Weiß.} a6 7. Bg2 h5 {
Dieser überraschende Zug ist ein seltener Gast in der Turnierpraxis. Meiner
Meinung nach besteht der größte Vorteil dieses Zuges darin, dass Schwarz damit
theoretische Hauptpfade verlassen kann.} 8. h3 {Ein typischer Sicherungszug.
Weiß kann statt dessen auch ruhig rochieren, denn der Vormarsch des h - Bauern
ist nicht besonders gefährlich.} (8. Be3 Nf6 9. h3 Ne5 10. Qe2 Bb4 11. Bd2 Nc4
12. O-O-O Nxd2 13. Qxd2 d6 14. Nde2 Bd7 {0-1 Heidenfeld,M-Miladinovic,I/Leon
ESP 2001/The Week in Chess 366 (64)}) (8. Nf3 Be7 9. Bf4 d6 10. Qd2 Ne5 11. Ne2
Bd7 12. Qc3 Nc6 13. e5 d5 14. a3 Rc8 15. h4 Nh6 16. O-O Ng4 {0-1 Terkelsen,
F-Larsen,B/Aarhus 1959/MCD (30)}) (8. O-O $5 h4 9. Re1 hxg3 10. hxg3 Nf6 11.
Nxc6 dxc6 12. e5 Nd5 13. Ne4 b5 14. Bg5 Bb7 15. Qd2 Rc8 16. Rad1 Qb8 17. c3 c5
18. b3 c4 19. b4 {1-0 Cetkovic,M-Bakic,R/Kladovo 1991/TD (43)}) (8. Nb3 h4 9.
O-O hxg3 10. hxg3 Nf6 11. Qe2 Ne5 12. Bg5 Bb4 13. Nd1 Qc4 14. Qxc4 Nxc4 {
0-1 Misailovic,N-Kontic,D/Cetinje 1992/EXT 97 (36)}) 8... Nf6 (8... Nge7 9.
Nde2 b5 10. O-O Bb7 11. a3 d6 12. Be3 g6 13. Qe1 Bg7 14. Rd1 Na5 15. Bc1 O-O
16. f4 Nc4 17. Kh2 Qc5 18. Rd3 {1-0 Gaprindashvili,N-Kurajica,B/Olot 1973/EXT
99/[ChessBase] (58)}) (8... h4 9. g4 Nxd4 (9... Nge7 10. Nde2 Ng6 11. f4 Bc5
12. e5 d5 13. exd6 Qxd6 14. Qxd6 Bxd6 15. Ne4 Bc7 16. a3 {1-0 Marinkovic,
I-Kontic,D/Podgorica 1993/CBM 36 (47)}) 10. Qxd4 Ne7 11. Be3 b5 12. O-O Nc6 13.
Qd1 Bb7 14. Ne2 Ne5 15. b3 Rc8 16. c3 Bc5 17. Nd4 d6 {0-1 Radovanovic,J-Bakic,
R/Kladovo 1992/EXT 97 (38)}) 9. O-O Bc5 10. Be3 {Ich muss anmerken, dass diese
Stellung ohne 7...h5 und 8.h3 schon oft in der Turnierpraxis gespielt wurde.
Dort ist 9.Be3 weniger gut, denn Schwarz kann 9...Ne5 spielen und in einigen
Varianten Neg4 oder auch Nfg4 drohen. Jetzt hingegen droht Weiß eine "kleine
Kombination" mit 11.Nxe6.} (10. Nxc6 dxc6 11. e5 {Ein weiterer Unterschied 
(zur Stellung ohne die Zwischenzüge 8...h5 und 9.h3): dort geht die Variante
11.Na4 Ba7 12.c4, hier aber nicht, denn in der Partiestellung hängt der Pg3.}
Qxe5 12. Bf4 Qd4 13. Qe2 Be7 14. Rad1 Qc5 15. Na4 Qa5 16. b3 Nd7 17. Nb2 Qf5
18. Nc4 e5 19. Nxe5 Nxe5 20. Bxe5 {1-0 Markidis,K-Miladinovic,I/Kavala GRE
2001/(41)}) 10... d6 11. Re1 {Weiß verteidigt den Be3 mit dem Turm, denn der
Nd4 ist gefesselt. Auf 11.Nxc6 lautete die Antwort 11...Bxe3.} (11. Nxc6 Bxe3
12. Nd4 Bh6 $13 (12... Bxd4 13. Qxd4 $14)) 11... Nxd4 (11... Bd7 12. Nxc6 Bxe3
13. Rxe3 (13. Nd4 Bh6 $13) 13... Bxc6 14. Nd5 Bxd5 15. exd5 e5 $11) 12. Bxd4 e5
(12... Bxd4 13. Qxd4 e5 14. Qd2 Be6 $11 {Das wäre eine ähnliche Stellung wie
in der Partie.}) 13. Bxc5 (13. Be3 $6 Be6) 13... Qxc5 $11 {Der Pd6 ist
scheinbar schwach und das Feld d5 ein positionelles Loch; dennoch hat Schwarz
seine Chancen - er kann im Falle von Nd5 den Springer abtauschen. Zudem steht
der weiße Bg2 relativ passiv.} (13... dxc5 $6 14. Nd5 $14 {[%csl Gd5]}) 14. Re3
{[%cal Ge3d3,Gd3d6] Weiß möchte den Pd6 angreifen.} Be6 15. Rd3 Ke7 {[%csl Ge7]
Es ist ein wenig sonderbar, dass Schwarz in der Sizilianischen Verteidigung 15.
..Ke7 spielt, aber da das Zentrum geschlossen ist, befindet sich der König
hier in Sicherheit.} 16. Qd2 {[%cal Ga1d1,Gd1d6,Gd2g5]} Rac8 {Schwarz sucht
sein Spiel wie üblich in der Sizilianischen Verteidigung auf der halboffenen c
- Linie.} (16... Bc4 $5 17. Re3 Rhd8 $11) (16... Rhd8) 17. Rd1 Rhd8 18. Qg5 {
Die Dame steht scheinbar aktiv auf g5, aber Schwarz kann die Drohung (es hängt
der Pg7) leicht abwehren.} Kf8 19. R1d2 {Weiß verteidigt vorab den Pc2, nun
kann der Nc3 z.B. nach d5 ziehen.} b5 20. Kh2 (20. a3 b4 $5 (20... a5 $11) 21.
axb4 Qxb4 $36) 20... Bc4 (20... b4 21. Nd1 (21. Nd5 Bxd5 22. exd5 a5 $11)) 21.
Re3 Qa7 {[%cal Ga7e7]} 22. Nd1 {Weiß hat genauso wie Schwarz keinen konkreten
Spielplan. Er hält mit ein paar kleinen Zügen die Stellung aufrecht.} (22. a3
a5 $11) 22... Qe7 {[%cal Ge7g5] Droht 23...Ng4+ mit Damengewinn.} 23. Kh1 (23.
Kg1) 23... b4 24. b3 {Weiß verjagt den Läufer von c4, schwächt dadurch aber
das Feld c3.} (24. a3 a5 $11) 24... Bb5 (24... Be6 $11) 25. Re1 {[%cal Gd1e3,
Ge3f5] Weiß räumt das Feld e3 für seinen den Springer.} Rc5 (25... g6 26. Ne3
Rc3 $11) 26. Ne3 g6 {Scharz darf 27.Nf5 nicht zulassen.} 27. Red1 Bc6 28. f3
Rc3 $5 {Schwarz spielt recht optimistisch und besetzt das Feld c3 -
positionell ist das nicht verkehrt, aber es verliert einen (wichtigen) Bauern.
Oder ist das vielleicht ein Opfer? In der Folge erhält Weiß Materialvorteil,
aber Schwarz kann durch einfache Züge starkes Spiel auf den schwarzen Feldern
entwickeln.} (28... Ne8 29. Qxe7+ (29. Qh6+ Kg8 $11) 29... Kxe7 $11) 29. Nc4 {
[%csl Rd6]} Ne8 30. Qxe7+ Kxe7 31. Nxe5 $13 {[%cal Gd1d8][%mdl 1024] Weiß hat
einen Mehrbauern, aber die schwarze Stellung ist so aktiv, dass die
Realisierung des Vorteils - wenn es überhaupt möglich ist - sicher nicht
einfach wird.} Bb5 32. Nd3 (32. h4 $1 Rdc8 33. Nd3 Bxd3 (33... a5 34. Ne1 $14)
34. cxd3 $14) 32... Bxd3 33. cxd3 h4 $5 {[%mdl 32] Schwarz opfert einen
weiteren Bauern, um sein Spiel auf den schwarzen Feldern weiter zu verstärken.}
34. gxh4 (34. g4 g5 {[%csl Yf4][%cal Ge8c7,Gc7e6,Ge6f4]}) (34. Kh2 Ng7 35. f4
Ne6 $44) 34... Ng7 $44 {[%cal Gg7e6,Ge6f4,Ge6d4] Schwarz hat zwei Bauern
weniger, aber der Turm steht ausgezeichnet auf c3 und der Springer hat viele
mögliche Zielfelder.} 35. Kg1 Rh8 {[%cal Rh8h4]} 36. Kf2 Rxh4 37. Ra1 {Weiß
beabsichtigt 38.a3 nebst Befreiung seines Damenflügels.} (37. a3 $2 bxa3 (37...
Rxb3 38. axb4 Rxb4 39. Ra1 Rb6 40. Rda2 $14) (37... a5) 38. Ra1 Rxb3 39. Rda2
Rh5 $17) 37... a5 (37... Ne6 38. a3 a5 $44 (38... Nc5 39. axb4 Nxd3+ (39...
Nxb3 40. Ra3 $18 {[%cal Ga3c3]}) 40. Kg3 g5 41. Rxa6 Nxb4 42. Raxd6 Rxe4 $14))
38. Ke3 f5 39. Rf1 (39. f4) 39... Ne6 (39... f4+ $5 $44) 40. exf5 {Weiß muss
schlagen, sonst kommt 40...f4+ und 41...Nd4 mit großem positionellen Druck.}
gxf5 41. f4 {[%cal Gg2a8] Endlich ist die Diagonale des Bg2 geöffnet.} Rc5 $1 {
Schwarz bereitet d5 - d4 vor.} 42. Rdf2 d5 $36 {[%cal Gd5d4]} 43. Kd2 (43. d4
$2 Rc3+ $17) 43... Kd6 (43... d4) 44. Re1 $6 (44. Rf3 d4 $1 (44... Nd4 45. R3f2
)) 44... d4 (44... Nxf4 $1 45. Ref1 (45. Bf1 d4 46. Re8 Kd7 $17) 45... Nxg2 46.
Rxg2 Rxh3) (44... Rxf4 $4 45. Rxe6+ $18) 45. Ref1 Rc3 46. Re1 (46. Rf3 a4 $1)
46... Rc5 (46... Nxf4 47. Bf1 a4 $17) 47. Bb7 {Weiß gibt die Verteidigung auf
und möchte den Läufer nach a6 platzieren.} (47. Ref1 Rc3 48. Re1 Nxf4 $17)
47... Nxf4 {Schwarz hat das materielle Gleichgewicht wiederhergestellt. Und im,
nächsten Zug gewinnt er zudem den Ph3.} 48. Ba6 Nxh3 $17 49. Rh2 Ng5 $1 {
Mit dieser taktischen Pointe vereinfacht Schwarz die Stellung.} 50. Rxh4 Nf3+
51. Ke2 Nxh4 {Der Freibauer auf f5 ist stark, zudem droht 52...Rc2+.} 52. Rh1
Ng2 $19 53. Kf3 (53. Rh6+ Ke5 $17) 53... Rc2 {[%cal Rc2a2]} 54. Bc4 Ke5 {
Der Pa2 ist gar nicht mehr wichtig, Schwarz verbessert daher seine
Königsstellung.} 55. Rh6 {Droht 56.Re6#.} Ne1+ 56. Kg3 Rg2+ 57. Kh3 (57. Kh4
Nf3+ $19) 57... Kf4 58. Rh4+ Rg4 0-1

[Event "Zug Young Masters"]
[Site "Zug"]
[Date "2001.10.16"]
[Round "8"]
[White "Jenni, Florian"]
[Black "Medvegy, Zoltan"]
[Result "1-0"]
[WhiteElo "2461"]
[BlackElo "2430"]
[Annotator "Ribli,Z"]
[PlyCount "99"]
[EventDate "2001.10.09"]
[EventType "tourn"]
[EventRounds "11"]
[EventCountry "SUI"]
[EventCategory "9"]
[SourceTitle "CBM 086"]
[Source "ChessBase"]
[SourceDate "2002.02.05"]
[SourceVersion "1"]
[SourceVersionDate "2002.02.05"]
[SourceQuality "1"]

1. e4 c5 2. Nf3 e6 3. d4 cxd4 4. Nxd4 Nc6 5. Nc3 Qc7 6. Be2 a6 7. O-O b5 {
Eine selten gespielte Fortsetzung. Es trifft zwar zu, dass Schwarz in der
Paulsen Variante gewöhnlich zuerst den Damenflügel entwickelt, aber hier
verdiente 7... Nf6 klar den Vorzug.} 8. Nxc6 dxc6 (8... Qxc6 $6 9. Bf3 Bb7 10.
Bf4 $36) 9. f4 (9. a4 b4 10. Nb1 Nf6 11. Nd2 (11. Bd3 Bd6 12. f4 e5 13. f5 Bc5+
14. Kh1 h5 15. Nd2 Ng4 {1/2-1/2 Delchev,A-Lazarev,V/Albacete ESP 2001/The Week
in Chess 358 (26)}) 11... Bc5 12. Bd3 e5 13. a5 O-O 14. Nc4 Be6 15. Qf3 Nd7 16.
Be3 Rab8 17. Bxc5 Nxc5 18. Be2 Rbd8 19. Rfd1 Rd4 20. Rxd4 exd4 21. b3 Re8 22.
Re1 Nd7 23. Qg3 Qxg3 24. hxg3 Nc5 {1/2-1/2 Fercec,N-Delchev,A/Pula 2000/CBM 78
ext (33)}) 9... e5 {Mit diesem Zug möchte Schwarz eine Klärung im Zentrum
herbeiführen und sich zudem gegen e4 - e5 verteidigen.} (9... Bb7 10. Be3 (10.
a4) 10... c5 (10... Nf6 11. e5 $16) (10... Be7 $142 $14) 11. f5 $1 (11. Bf3 $14
b4 $5 (11... Nf6 12. e5 Rd8 13. Qe2 $36) 12. Na4 (12. Ne2) 12... Nf6) 11... Rd8
(11... b4 $6 12. fxe6 fxe6 13. Bf4 $16 Qc6 14. Bh5+ g6 15. Be5 bxc3 16. Bxh8
$18) (11... Nf6 $6 12. fxe6 fxe6 13. Bh5+ Nxh5 14. Qxh5+ g6 15. Qg4 $16) (11...
Bd6 $5 12. fxe6 fxe6 (12... Bxh2+ $6 13. Kh1 fxe6 14. Bxb5+ (14. Nxb5 Qe5 $8) (
14. Bh5+ g6 15. Bg4 $36) 14... axb5 15. Qh5+ g6 16. Qxh2 Qxh2+ 17. Kxh2 $16 b4
18. Nb5) 13. Bh5+ g6 14. Bg4 $36) 12. Qe1 $36) 10. Qe1 {[%cal Ge1g3][%mdl 4]
Die Dame strebt nach g3.} (10. fxe5 Bc5+ 11. Kh1 Ne7 12. Bg4 Ng6 13. e6 Bxe6
14. Bxe6 fxe6 15. Bg5 Qe5 16. Qg4 Rf8 17. Ne2 Bd6 18. Ng3 Ra7 {0-1 Speck,
N-Milov,V/Suncoast 1999/CBM 68 ext (40)}) (10. f5 Bc5+ 11. Kh1 Nf6 $11) 10...
Be6 (10... Nf6 11. fxe5 Ng4 12. Bxg4 Bxg4 13. Qg3 Bc5+ 14. Kh1 h5 15. Bf4 Qe7
16. h3 Bd4 17. Rae1 g5 18. Be3 Bxe5 19. Qf2 Be6 20. Bc5 Qb7 21. Bd4 Bxd4 22.
Qxd4 Rg8 23. e5 {1-0 Rechlis,G-Dumitran,O/France 2000/EXT 2001 (31)}) (10...
Bd6 11. Qg3) 11. Qg3 Nf6 12. Be3 {Weiß hat sich schnell entwickelt, Schwarz
hingegen bekommt Schwerigkeiten mit seinem Bf8.} (12. fxe5 Nd7 $11) (12. f5 Bd7
$11) 12... b4 13. Na4 Nxe4 14. Qe1 $44 {[%cal Ge1e8] Weiß hat einen Bauern
weniger, aber der gegnerische König steht in der Mitte . Zudem hat Weiß großen
Entwicklungsvorsprung.} exf4 (14... Qa5 15. b3 $44 (15. Bb6 $2 Bc5+ $1 $17 (
15... Qxa4 16. b3 Qa3 17. Bf3 f5 (17... Rb8 18. Ba7 Bc5+ (18... Rb7 19. Qxe4
Rxa7 20. Qxe5 $18 {[%cal Re5b8,Rb8e8,Rb8a7,Rf4f5,Rf5e6]}) 19. Bxc5 Nxc5 20.
Bxc6+ Ke7 21. f5 $40 {[%csl Re7]}) 18. Bxe4 fxe4 19. Qxe4 Bd5 20. Qxe5+ Kf7 21.
Rad1 $40 {[%cal Rd1d5]}))) 15. Bxf4 Bd6 16. Bxd6 Qxd6 17. Rd1 Qe7 (17... Bd5
18. Bf3 $36) 18. Bf3 Bd5 19. Rd4 $1 {[%csl Gd4][%cal Rd4b4,Rd4e4]} (19. c4 {
So könnte Weiß den Bauern zurück gewinnen.} bxc3 20. Nxc3 Nxc3 21. Qxc3 O-O 22.
Bxd5 cxd5 23. Rxd5 $11) 19... f5 20. Nb6 Rd8 (20... Qc5 $4 21. Qe3 $18 {
[%cal Ge3c5]}) 21. Nxd5 cxd5 $2 (21... Rxd5 22. Qxb4 $16) 22. Qxb4 $2 {Damit
gewinnt Weiß zwar das Material zurück, aber es gab eine noch viel bessere
Fortsetzung.} (22. Bh5+ $142 $1 g6 23. Rxf5 $1 gxh5 (23... Qc5 24. Qe3 $18) 24.
Rfxd5 O-O (24... Rxd5 25. Rxe4 $18) 25. Rxd8 Rxd8 26. Rxe4 $16) 22... Qxb4 23.
Rxb4 O-O $2 {Schwarz ist froh, dass er endlich rochieren kann - nun aber - da
die Endspielphase erreicht ist - wäre es besser, mit dem König in der Mitte zu
bleiben.} (23... Ke7 $1 24. Bxe4 fxe4 25. Rb7+ Rd7 26. Rxd7+ Kxd7 27. Rf7+ Ke6
28. Rxg7 Rb8 $11) 24. Rd1 $14 {Die weiße Bauernstruktur ist viel besser, aber
der Ne4 steht gut. Deshalb ist es nicht leicht für Weiß, weiter voranzukommen.}
Rd6 25. c3 (25. Bxe4 fxe4 26. Rxe4 Rb6 27. Rxd5 Rxb2 $11) 25... Rfd8 26. Rbd4
Rb8 27. Bxe4 fxe4 28. R1d2 {[%mdl 4096] Weiß wird früher oder später einen
Bauern gewinnen, denn im richtigen Moment kann er c3 - c4 spielen.} Rdb6 29. b3
Rc6 30. Rc2 Rb5 (30... Rbc8 31. c4 dxc4 (31... Kf7 $2 32. Rf2+ $16) 32. Rdxc4
Rxc4 33. Rxc4 Rxc4 34. bxc4 Kf7 35. Kf2 Ke6 36. Ke3 Ke5 37. a3 $18) 31. Kf2 Kf7
32. Ke3 Ke7 33. c4 $1 $16 {Dieser Zug gewinnt einen Bauern.} Ra5 34. Rcd2 $1
dxc4 35. Rxe4+ Kf6 36. Rf2+ Kg5 37. Rxc4 {Weiß hat zwar einen Mehrbauern, aber
in einem Doppelturmendspiel wie diesem gibt es immer große technische Probleme.
} Re6+ 38. Kd4 Rd6+ 39. Kc3 Rd1 40. Kb2 {Endlich findet der weiße König einen
guten Platz am Damenflügel. Nun kann Weiß daran gehen, seine Mehrheit am
Damenflügel zu mobilisieren.} h5 41. b4 Rf5 $6 (41... Rad5 42. h4+ Kg6 43. Rc6+
Rd6 44. Rxd6+ Rxd6 45. Kc3 $16) 42. h4+ Kg6 43. Rc6+ Rf6 44. Rfxf6+ gxf6 45.
Rxa6 $18 {Weiß hat zwei verbundene Freibauern am Damenflügel - er steht auf
Gewinn.} Rd2+ 46. Kc3 Rxg2 47. b5 Rg1 48. a4 Rb1 49. Rc6 Kf7 (49... Kf5 50.
Rc5+ Kg4 51. Rc4+ $18) 50. Rc4 {[%cal Rc4b4]} 1-0